Statistics for Trace the Coast and International Borders of the USA

Click here to take the quiz!

General Stats

  • This quiz has been taken 21,553 times
    (21,541 since last reset)
  • The average score is 28 of 41

Answers on the Map

Answers color-coded by a green-red scale on the quiz's map according to % correct below.
 

Answer Stats

State% Correct
Washington
100%
Idaho
93%
Montana
93%
North Dakota
92%
Minnesota
90%
Michigan
89%
Wisconsin
88%
Illinois
72%
Indiana
71%
Maine
71%
New York
71%
New Hampshire
70%
Ohio
70%
Vermont
70%
Pennsylvania
69%
Wisconsin
69%
Michigan
68%
Massachusetts
67%
Rhode Island
67%
Connecticut
66%
New Hampshire
66%
New York
66%
New Jersey
65%
Delaware
64%
Maryland
63%
Virginia
63%
Florida
62%
Georgia
62%
North Carolina
62%
South Carolina
62%
Alabama
61%
Texas
61%
Arizona
60%
California
60%
Louisiana
60%
Mississippi
60%
New Mexico
60%
Maryland
59%
Oregon
59%
Virginia
59%
Washington
58%

Score Distribution

Percentile by Number Answered

Percent of People with Each Score

Your Score History

You have not taken this quiz since the last reset